[Event "Asia-ch"]
[Site "Dubai"]
[Date "1996.??.??"]
[Round "?"]
[White "Pang, Kwok Leong"]
[Black "Gillani, Tunveer MD"]
[Result "0-1"]
[WhiteElo "2235"]
[BlackElo "2255"]
[PlyCount "86"]
[EventDate "1996.??.??"]
[EventType "swiss"]
[EventRounds "9"]
[EventCountry "UAE"]
[SourceTitle "EXT 1999"]
[Source "ChessBase"]
[SourceDate "1998.11.16"]
[SourceVersion "1"]
[SourceVersionDate "1998.11.16"]
[SourceQuality "1"]

1. d4 Nf6 2. Nf3 g6 3. g3 Bg7 4. Bg2 0-0 5. 0-0 d5 6. c4 c6 7. Nc3 Bf5 8. Ne5 dxc4 9. Nxc4 Nbd7 10. h3 Be6 11. b3 Nb6 12. Qd3 Nfd5 13. Nxd5 Bxd5 14. Rd1 Bxg2 15. Kxg2 Qd5+ 16. e4 Qe6 17. Be3 f5 18. e5 Qd5+ 19. Kh2 Rad8 20. Rac1 Qf3 21. Nd2 Qd5 22. Rc5 Qxc5 23. dxc5 Rxd3 24. cxb6 axb6 25. Rc1 b5 26. Nf3 h6 27. h4 Kf7 28. Kg2 Ra8 29. Rc2 Ke6 30. Bf4 Rd1 31. Re2 c5 32. Rc2 b6 33. b4 c4 34. Be3 Ra4 35. Bxb6 Rxb4 36. Nd4+ Kd5 37. Ba5 Rbb1 38. Ne2 Bxe5 39. a3 Ke4 40. Bb4 Kd3 41. Ra2 Ra1 42. Rxa1 Rxa1 43. Bxe7 Kxe2 0-1

[Event "London op"]
[Site "London"]
[Date "1994.??.??"]
[Round "5"]
[White "Gillani, Tunveer MD"]
[Black "Berend, Elvira S"]
[Result "1/2-1/2"]
[WhiteElo "2405"]
[BlackElo "2290"]
[PlyCount "62"]
[EventDate "1994.??.??"]
[EventType "swiss"]
[EventRounds "10"]
[EventCountry "ENG"]
[SourceTitle "EXT 1998"]
[Source "ChessBase"]
[SourceDate "1997.11.17"]
[SourceVersion "1"]
[SourceVersionDate "1997.11.17"]
[SourceQuality "1"]

1. e4 c5 2. Nf3 g6 3. d4 Bg7 4. Nc3 cxd4 5. Nxd4 Nc6 6. Be3 Nf6 7. Bc4 0-0 8. Bb3 a5 9. f3 d5 10. Nxc6 bxc6 11. e5 Nd7 12. f4 e6 13. Na4 Qe7 14. Qd2 c5 15. c3 Bb7 16. Qf2 Rac8 17. h4 Rfd8 18. h5 d4 19. cxd4 cxd4 20. Bd2 Nc5 21. Nxc5 Rxc5 22. hxg6 hxg6 23. 0-0 Qd7 24. Rac1 Rdc8 25. Rxc5 Rxc5 26. Bc3 a4 27. Bxd4 Rc8 28. Bd1 Bf8 29. Be3 Ba6 30. Be2 Bxe2 31. Qxe2 Qd5 1/2-1/2